Tư liệu sách tra IC họ STK và ECG - Mạch điện đẳng hiệu và ứng dụng /
Saved in:
| Main Author: | |
|---|---|
| Format: | Book (Paper) |
| Language: | Vietnamese |
| Published: |
Tp.HCM :
Trung tâm kỹ thuật,
|
| Tags: |
Add Tag
No Tags, Be the first to tag this record!
|
| Institutions: | Thư viện Trường Đại học Đà Lạt |
|---|
| LEADER | 00693nam a2200277 4500 | ||
|---|---|---|---|
| 001 | DLU140162911 | ||
| 005 | ##20140812 | ||
| 040 | # | # | |a DLU |b vie |
| 041 | # | # | |a vie |
| 044 | # | # | |a vn |
| 082 | # | # | |a 621.381 501 6 |b VU-H |
| 100 | # | # | |a Vương Khánh Hưng. |
| 245 | # | # | |a Tư liệu sách tra IC họ STK và ECG - Mạch điện đẳng hiệu và ứng dụng / |c Vương Khánh Hưng |
| 260 | # | # | |a Tp.HCM : |b Trung tâm kỹ thuật, |
| 300 | # | # | |a 70 tr. ; |c 21 cm. |
| 923 | # | # | |a TL |
| 991 | # | # | |a 0 |
| 994 | # | # | |a DLU |
| 900 | # | # | |a True |
| 911 | # | # | |a Nguyễn Thị Tưởng |
| 925 | # | # | |a G |
| 926 | # | # | |a A |
| 927 | # | # | |a SH |
| 980 | # | # | |a Thư viện Trường Đại học Đà Lạt |